Statistiques concernant Géographie par image - D

Cliquez ici pour prendre le quiz!

Statistiques générales

  • Ce quiz a été pris 4,404 fois
  • Le résultat moyen est 10 sur 18

Statistiques - réponses

Answer % Correct
Danemark
87%
Dubaï
86%
Dijon
81%
Danube
81%
Delta
72%
Dolmen
66%
Delaware
66%
Dordogne
61%
Dublin
55%
Djibouti
49%
Dominique
46%
Douvres
40%
Doha
35%
Dubrovnik
31%
Dalmatie
29%
Dardanelles
24%
Delhi
23%
Dakar
22%

Distribution des résultats

Percentile par nombre de réponses

% des personnes avec chaque résultat

Votre développement - résultats

Vous n’avez pas pris ce quiz